Essentials of entrepreneurship and small business management / (Record no. 18519)

MARC details
000 -LEADER
fixed length control field 00913nam a22002652 4500
001 - CONTROL NUMBER
control field 0000018831
003 - CONTROL NUMBER IDENTIFIER
control field OSt
005 - DATE AND TIME OF LATEST TRANSACTION
control field 20231030115500.0
008 - FIXED-LENGTH DATA ELEMENTS--GENERAL INFORMATION
fixed length control field 100805s xx 000 0 eng d
020 ## - INTERNATIONAL STANDARD BOOK NUMBER
International Standard Book Number 1292266023
040 ## - CATALOGING SOURCE
Original cataloging agency KABU
Transcribing agency KABU
050 ## - LIBRARY OF CONGRESS CALL NUMBER
Classification number HD62.7
Item number .S33 2019
100 1# - MAIN ENTRY--PERSONAL NAME
Personal name Scarborough, Norman M.
245 10 - TITLE STATEMENT
Title Essentials of entrepreneurship and small business management /
Statement of responsibility, etc. Norman M. Scarborough.
250 ## - EDITION STATEMENT
Edition statement 9th ed.
Remainder of edition statement Global edition
260 ## - PUBLICATION, DISTRIBUTION, ETC. (IMPRINT)
Place of publication, distribution, etc. England:
Name of publisher, distributor, etc. Pearson Education Limited
Date of publication, distribution, etc. 2019.
300 ## - PHYSICAL DESCRIPTION
Extent 827p.
650 #0 - SUBJECT ADDED ENTRY--TOPICAL TERM
Topical term or geographic name as entry element Small business
General subdivision Management.
650 #0 - SUBJECT ADDED ENTRY--TOPICAL TERM
Topical term or geographic name as entry element New business enterprises
General subdivision Management.
700 ## - ADDED ENTRY--PERSONAL NAME
Personal name Jeffrey R. Cornell
908 ## - PUT COMMAND PARAMETER (RLIN)
Put command parameter 100805
942 ## - ADDED ENTRY ELEMENTS (KOHA)
Source of classification or shelving scheme Library of Congress Classification
Koha item type General Collection
Edition 6th
Classification part HD62.7
Item part .S33 2019 c. 1
Holdings
Withdrawn status Lost status Source of classification or shelving scheme Not for loan Home library Current library Date acquired Cost, normal purchase price Total Checkouts Full call number Barcode Date last seen Price effective from Koha item type
    Library of Congress Classification   Kabarak, Main Campus Kabarak, Main Campus 21/09/2020 4216.00   HD62.7 .S33 2019 c. 1 029121 02/08/2024 21/09/2020 General Collection
    Library of Congress Classification   Kabarak, Main Campus Kabarak, Main Campus 21/09/2020 4216.00   HD62.7 .S33 2019 c. 2 029122 02/08/2024 21/09/2020 General Collection
    Library of Congress Classification   Kabarak, Main Campus Kabarak, Main Campus 21/09/2020 14996.00   HD62.7 .S33 2019 c. 3 34458 02/08/2024 21/09/2020 General Collection
    Library of Congress Classification   Kabarak, Nakuru City Campus Kabarak, Nakuru City Campus 21/09/2020 4216.00   HD62.7 .S33 2019 c. 1 029123 21/09/2020 21/09/2020 General Collection
Designed with assistance from East African Informatics Ltd